000 00665cam a2200205 a 4500
001 13002093
005 20250529125050.0
008 021114s1991 ctua d 000 0 eng d
020 _a0879678844 (pbk.)
050 0 0 _aHB61
_b.E557 1991
082 0 0 _a330/.03
_221
245 0 4 _aThe encyclopedic dictionary of economics /
_cDon Cole, editorial adviser.
250 _a4th ed.
260 _aGuilford, Conn. :
_bDushkin Pub. Group,
_cc1991.
300 _axii, 270 p. :
_bill. ;
_c24 cm.
650 0 _aEconomics
_vDictionaries.
700 1 _aCole, Don.
856 4 2 _3Publisher description
_uhttp://www.loc.gov/catdir/description/mh031/90081960.html
942 _2lcc
_cBK
_n0
999 _c6026
_d6026